000 00540nam a2200121Ia 4500
008 160712s9999 xx 000 0 und d
100 _aValenzuela, Athena Jan F.
245 _cAthena Jan F. Valenzuela,
_aComparative Use of Meristic and Geomorphometric Analyses of Vegetative and Floral Characters in Studying Intraspecific Variation in Portulaca grandiflora (Hook)
260 _c2011
_bScience Diliman
300 _avol. 23 no. 2
650 _xSCIENCE
856 _uhttp://journals.upd.edu.ph/index.php/sciencediliman/issue/view/311/showToc
999 _c297646
_d297646